|
|
|
|
| LEADER |
01369nam a2200277 u 4500 |
| 001 |
10013049 |
| 003 |
GR-PaULI |
| 005 |
20210117211006.0 |
| 008 |
881025s2001 gr gre |
| 952 |
|
|
|0 0
|1 0
|2 ddc
|4 0
|6 Π_Σ_930_000000000000000_ΕΦΟ
|7 0
|9 236446
|a LISP
|b LISP
|c REF
|d 2019-10-23
|i 077474
|l 0
|o Π/Σ 930 ΕΦΟ
|p 025000047146
|r 2019-10-23 00:00:00
|t 1
|v 2019.00
|w 2019-10-23
|y BKN
|
| 999 |
|
|
|c 143132
|d 143132
|
| 020 |
|
|
|a 9603521292
|
| 040 |
|
|
|a GR-PaULI
|c GR-PaULI
|b gre
|e AACR2
|
| 041 |
0 |
|
|a gre
|a grc
|
| 082 |
0 |
4 |
|a 930
|2 23
|
| 100 |
0 |
|
|9 178513
|a Έφορος ο Κυμαίος,
|d 4ος αιώνας π.Χ.
|e συγγραφέας.
|
| 245 |
1 |
0 |
|a Άπαντα /
|b
|c Έφορος, Παλαίφατος.
|
| 260 |
|
|
|a Αθήνα :
|b Κάκτος,
|c 2001.
|
| 300 |
|
|
|a 326 σ. ;
|c 21 εκ.
|
| 490 |
1 |
|
|a Αρχαία Ελληνική Γραμματεία "Οι Έλληνες" (Κάκτος)
|v 1056.
|
| 600 |
0 |
4 |
|9 178514
|a Έφορος ο Κυμαίος,
|d 4ος αιώνας π.Χ.
|x Μεταφράσεις στα Νέα Ελληνικά.
|
| 600 |
0 |
4 |
|9 178515
|a Παλαίφατος
|x Μεταφράσεις στα Νέα Ελληνικά.
|
| 700 |
0 |
|
|9 62620
|a Παλαίφατος
|e συγγραφέας.
|
| 830 |
|
0 |
|9 161130
|a Αρχαία Ελληνική Γραμματεία "Οι Έλληνες" (Κάκτος)
|v 1056.
|
| 942 |
|
|
|2 ddc
|c BKN
|
| 998 |
|
|
|c ΜΠΟΥΡΑΣ
|d 2019-10
|